| 000 | 00875nam a2200217Ia 4500 | ||
|---|---|---|---|
| 999 |
_c37690 _d37690 |
||
| 001 | 3663 | ||
| 003 | GE_BSU | ||
| 005 | 20190625153516.0 | ||
| 008 | 181216s2005||||ge |||||||||||||| ||geo|| | ||
| 020 | _a9994001841 | ||
| 040 | _cGE_BSU | ||
| 041 | _ageo | ||
| 080 | _a334.012.54 ლ–61 | ||
| 100 |
_aლილუაშვილი, გია _9172 |
||
| 245 |
_aშეზღუდული პასუხისმგებლობის საზოგადოება / _bთეორია და პრაქტიკა. |
||
| 264 |
_aთბილისი : _bჯისიაი, _c2005. |
||
| 300 |
_a258 გვ. ; _b20 სმ. |
||
| 504 | _aბიბლიოგრ. ტექსტ. შენიშვნ. | ||
| 653 | _a შეზღუდული პასუხისმგებლობის საზოგადოებები | ||
| 942 |
_cBK _2udc |
||